| 000 | 00413pab a2200157 454500 | ||
|---|---|---|---|
| 008 | 180718b2009 xxu||||| |||| 00| 0 eng d | ||
| 100 | _aKhan, Iqtidar Alam | ||
| 245 | _aTracing sources of principles of Mughal governance: a critique of recent historiography | ||
| 260 | _c2009 | ||
| 300 | _ap.45-54. | ||
| 362 | _aMay-Jun | ||
| 650 | _aHistory | ||
| 773 | _aSocial Scientist | ||
| 908 | _aN | ||
| 909 | _a83223 | ||
| 999 |
_c83223 _d83223 |
||